000 00641nam a22001937a 4500
999 _c173362
_d173362
005 20200222113356.0
010 _aUR-10708
020 _c100.00
_a-
035 _aU-9263
037 _bDBAD/PUB
_a-
082 _a841
100 _aTranlated by Kausar Siddiqui
245 _aا شک کر بلا
_cمتر جم:کو ثر صد يقی
246 _bAshk-e-Karbala (Urdu)
_aTranslated by Kausar Siddiqui
260 _aDelhi
_bEducational Publishing house
_c2019 ء
270 _a3191,Vakil Street,Kucha Pandit,Lal Kuan,
_bDelhi
_e11000609926404171
_k-
_l-
300 _a120 ص
_c22 Cm(Hb)
942 _2ddc
_cUR
_h841
_mا ن ي